000 01347nam a2200373 i 4500
003 CO-BoRNBP
005 20230508202224.0
007 ta
008 211015s2021 ck |||er|||| 00| fdspa d
020 _a9789585118928
040 _aCO-BoRNBP
_bspa
_erda
_cCO-BoRNBP
041 0 _aspa
043 _as-ck---
084 _aN QUI17
100 1 _aQuintana Villalobos, Pilar
_d1972-
_eautora
_91850
245 1 4 _aLos abismos
_cPilar Quintana
250 _aEdición especial
264 1 _aBogotá, Colombia
_bPenguin Random House Grupo Editorial
_bAlfaguara
_c2021
300 _a246 páginas
_c24 cm
336 _atexto
_btxt
_2rdacontent
337 _asin mediación
_bn
_2rdamedia
338 _avolumen
_bnc
_2rdacarrier
490 0 _aPlan Nacional de Lectura y Escritura Leer es mi Cuento / Ministerio de Cultura
521 _aRecomendado para público adulto
545 _aIncluye datos biográficos de la autora al final del texto
586 _aObra galardonada con el Premio Alfaguara de Novela, 2021
650 1 7 _aNovela colombiana
_ySiglo XX
_2LEMB
_9426
650 1 7 _aLiteratura colombiana
_ySiglo XX
_2LEMB
_9427
650 1 7 _aAutores colombianos
_ySiglo XX
_2LEMB
_9428
650 1 7 _aRecuerdos
_vNovela
_2LEMB
_91851
650 1 7 _aMemoria en los niños
_vNovela
_2LEMB
_91852
650 1 7 _aMadres e hijas
_vNovela
_2LEMB
_91853
942 _cBKLIT
999 _c9498
_d9498